000 00321 a2200145 4500
001 76252
020 _a978-85-87872-97-5
040 _cAnchieta - Colégio São Paulo
240 1 0 _aA África está em nós
_lpor
245 1 0 _aA África está em nós
300 _a88
362 0 _a2009
650 4 _aBrasil
942 _cBK
999 _c76252
_d76252